000 01098cam a22003137a 4500
003 CHAP
005 20220329141003.0
008 971013s1989 r 00010 d
010 _a60959
011 _a61931
035 _a66103
040 _cCHAP
082 _a371
_bU56
110 _aUniversidad Juárez Autónoma de Tabasco
_9116473
245 0 _aPlan de desarrollo académico 1988-1992
_cpor Universidad Juárez Autónoma de Tabasco
260 _aVillahermosa, Tab. :
_bUniversidad Juárez Autónoma de Tabasco,
_c1989
300 _a100 p.
_b: ilus. ; gráfs. ; anexos
590 _aBATCH-UPD
_b10
_c20130110
_lUCH01
_h1619
590 _aBATCH-UPD
_b10
_c20130410
_lUCH01
_h1013
590 _aBATCH-UPD
_b10
_c20130914
_lUCH01
_h1237
590 _aCONVERSION
_b10
_c20130109
_lUCH01
_h1333
650 1 4 _aEducación
_xEstadísticas.
_935437
650 1 4 _aPolítica educativa
_xTabasco.
_990558
650 1 4 _aUniversidades
_xAdministración.
_9116596
650 1 4 _aUniversidades
_xTabasco.
_9116664
901 _aBK
942 _cLIBRO
949 _a371 U56
_bBC
_cC
_d33724000603031
_eC
_h80192
_i66103
_si
999 _c60959
_d60959